00603nam a2200169Ia 4500008004100000020001500041041001200056082001600068100001800084245007800102260004000180300000800220650000700228942000700235999001500242952017600257221030s9999 xx 000 0 und d a9812530754 aEnglish a105.23bKim aE. W. Kimbark 0aPower Systems Stability Vol : III Synchronours Machinescby E. W. Kimbark bJohn Wiley & SonsaNew Delhic2006 a322 aEE cBK c3374d3374 pBE 8511g588.00hIIIl0o105.23 Kimr2024-06-13 00:00:00w2022-10-30yBK003Print4070aMIETLIBbMIETLIBcBL-Academic Block A, FL-1, CUP-34, SH-4, R-4d2006-11-1110HBE